000 00502nam a22001577a 4500
005 20251108164052.0
008 250721s1993 xx 000 0 ara d
082 1 4 _a001.94/سيد
100 1 _aعبد الفتاح، سيد صديق
245 1 0 _aغرائب الزواج و عجائب الطلاق /
264 1 _aالقاهرة :
_bدار الأمين للطبع والنشر والتوزيع،
_c1993.
300 _a267ص.
650 1 7 _aعجائب و غرائب
942 _2ddc
_cBK
999 _c2829
_d2829